Milton lányai Alanyiság a feminista kritikábam

Bibliographic Details
Main Author: Borkowska, Grazyna (Author)
Other Authors: Lóky, Tamás (Translator)
Format: Article
Language:Slovak
Hungarian
PhysicalDescription:Fotogr. 6
Subjects:

MARC

LEADER 00000nab a2200000 a 4500
001 vtls000545753
003 SK-MaSNL
005 20260304100559.0
008 250425c1995 xo 0 slo
015 |a SNBRB19rr/mm-uuuuu 
035 |a CL0545891 
035 |a urn:nbn:sk:snk-abdw1 
035 |a (urnnbn)urn:nbn:sk:snk:ar-002lcu 
035 |a (uuid)4ee2f75e-6d44-43c5-8036-deedeb1ce824 
040 |a SNKBUCL  |b slo  |c SNKBUCL  |e AACR2 
041 0 |a hun 
044 |a xo  |c SK 
080 |a 396  |2 1981 
100 1 |a Borkowska, Grazyna  |4 aut  |9 1313935 
245 1 0 |a Milton lányai  |b Alanyiság a feminista kritikábam  |c Grazyna Borkowska ; Ford. Tamás Lóky 
300 |b Fotogr. 6 
500 |a Lit. 30 zázn. v angl., fran. 
650 0 7 |a feminizmus  |2 snkbucl  |9 4940 
655 7 |a články z novín a časopisov  |2 snkbucl  |9 267496 
700 1 |a Lóky, Tamás  |4 trl  |9 1394780 
773 0 |t Kalligram  |g Č. 3 (1995), s. 11-22 
850 |a Slovenská národná knižnica 
852 |a Slovenská národná knižnica 
958 |a article27 
958 |a OND 
958 |a RK 
958 |a HU 
992 |a RBX 
999 |c 2838655  |d 2840585